[Event "27th Rilton Cup"]
[Site "Stockholm SWE"]
[Date "1998.??.??"]
[Round "3.7"]
[White "Kiik, Kalle"]
[Black "Agrest, Evgenij"]
[Result "0-1"]
[WhiteElo "2410"]
[BlackElo "2505"]
[EventDate "1997.12.??"]
[PlyCount "112"]

1.e4 d6 2.d4 Nf6 3.Nc3 g6 4.Bg5 Bg7 5.Qd2 h6 6.Bh4 g5 7.Bg3 Nh5 8.Nge2 Nd7
9.h4 e6 10.Bh2 gxh4 11.O-O-O Nb6 12.Kb1 Bd7 13.Nc1 Nf6 14.Be2 Bc6 15.Qe3 
Qe7 16.f3 O-O-O 17.Nb3 Nh5 18.Na5 Qg5 19.Qxg5 hxg5 20.Nxc6 bxc6 21.a4 a5 
22.b3 Kb7 23.Na2 Ng3 24.Bxg3 hxg3 25.Rxh8 Rxh8 26.c3 Rh2 27.Bf1 f5 28.Nc1 
f4 29.Nd3 e5 30.dxe5 Bxe5 31.Kc2 c5 32.Ne1 Rh1 33.Be2 Rg1 34.Kd2 c6 35.Rc1
Kc7 36.Rd1 Nc8 37.Bc4 Ne7 38.Be6 d5 39.Bh3 Rf1 40.Nd3 Bxc3+ 41.Kc2 Rxd1 
42.Kxd1 Kd6 43.Kc2 Bd4 44.Bg4 Ng6 45.Bh3 Nh4 46.Ne1 Ng6 47.Bc8 Ne5 48.exd5
cxd5 49.Bh3 Nc6 50.Kd2 Be3+ 51.Kc3 Bf2 52.Nc2 Ne5 53.Na3 g4 54.Nb5+ Kc6 
55.fxg4 Nf7 56.Kd2 Ng5 0-1

[Event "27th Rilton Cup"]
[Site "Stockholm SWE"]
[Date "1998.??.??"]
[Round "3.9"]
[White "Matros, Alexander"]
[Black "Hellsten, Johan"]
[Result "1/2-1/2"]
[WhiteElo "2395"]
[BlackElo "2495"]
[EventDate "1997.12.??"]
[PlyCount "91"]

1.e4 c5 2.Nf3 e6 3.Nc3 a6 4.d4 cxd4 5.Nxd4 b5 6.Bd3 Qb6 7.Nb3 Qc7 8.O-O 
Bb7 9.f4 b4 10.Nb1 Nf6 11.Qe2 Be7 12.N1d2 d6 13.e5 dxe5 14.fxe5 Nd5 15.Nc4
Nd7 16.Kh1 N5b6 17.Nxb6 Qxb6 18.Be3 Qc7 19.Bd4 O-O 20.Rae1 g6 21.Qg4 Qd8 
22.Re3 a5 23.Rh3 Ba6 24.Nd2 Bxd3 25.cxd3 Ra6 26.Ne4 Nxe5 27.Bxe5 f5 28.
Rxh7 Kxh7 29.Qh3+ Kg8 30.Qh6 Kf7 31.d4 Qd5 32.Qg7+ Ke8 33.Qxg6+ Kd8 34.Nf6
Qc4 35.Kg1 Kc8 36.b3 Qc2 37.Nh7 Rd8 38.Ng5 Bxg5 39.Qxg5 Rc6 40.Bf4 Qe2 41.
Be5 Qg4 42.Qd2 Qe4 43.Rc1 Rd7 44.h3 Kb7 45.Rxc6 Qxc6 46.Qe2 1/2-1/2

[Event "27th Rilton Cup"]
[Site "Stockholm SWE"]
[Date "1998.??.??"]
[Round "3.10"]
[White "Wedberg, Tom"]
[Black "Oestergaard, Dan"]
[Result "1/2-1/2"]
[WhiteElo "2485"]
[BlackElo "2265"]
[EventDate "1997.12.??"]
[PlyCount "29"]

1.e4 c5 2.Nf3 d6 3.c3 Nf6 4.Be2 Nbd7 5.d3 b6 6.O-O Bb7 7.Nbd2 g6 8.b3 Bg7 
9.Bb2 O-O 10.Re1 e5 11.Bf1 Re8 12.Qc2 Qc7 13.Rac1 Rac8 14.Qb1 Qb8 15.Rcd1 
1/2-1/2

[Event "27th Rilton Cup"]
[Site "Stockholm SWE"]
[Date "1998.??.??"]
[Round "3.11"]
[White "Bezold, Michael"]
[Black "Nilsson, Matthias"]
[Result "1-0"]
[WhiteElo "2490"]
[BlackElo "2225"]
[EventDate "1997.12.??"]
[PlyCount "85"]

1.d4 Nf6 2.Nf3 g6 3.Bf4 Bg7 4.e3 O-O 5.Be2 d6 6.h3 Nbd7 7.c4 Qe8 8.Nc3 e5 
9.Bh2 Qe7 10.O-O c6 11.Rc1 Ne8 12.b4 a5 13.b5 c5 14.Nd5 Qd8 15.Qc2 Nc7 16.
dxc5 Nxd5 17.cxd5 dxc5 18.Rfd1 b6 19.Nd2 f5 20.Bc4 Kh8 21.d6 Bb7 22.Nb1 
Qg5 23.Bd5 Bxd5 24.Rxd5 Qf6 25.Nc3 e4 26.Qd1 Qe6 27.Bf4 h6 28.g4 Bxc3 29.
Rxc3 g5 30.Bg3 fxg4 31.h4 Qf6 32.Qxg4 Qxc3 33.Qxd7 Rae8 34.hxg5 Qg7 35.
Qxg7+ Kxg7 36.d7 Rd8 37.Bc7 hxg5 38.Bxb6 Kf6 39.Bxa5 Ke6 40.Bxd8 Rxd8 41.
Rxc5 Rxd7 42.Rxg5 Ra7 43.Rg6+ 1-0

[Event "27th Rilton Cup"]
[Site "Stockholm SWE"]
[Date "1998.??.??"]
[Round "3.12"]
[White "Backe, Peter"]
[Black "Petronic, Jovan"]
[Result "0-1"]
[WhiteElo "2270"]
[BlackElo "2490"]
[EventDate "1997.12.??"]
[PlyCount "96"]

1.d4 Nf6 2.c4 c5 3.d5 e6 4.Nc3 exd5 5.cxd5 d6 6.e4 g6 7.f4 Bg7 8.Bb5+ Nfd7
9.a4 O-O 10.Nge2 Na6 11.O-O Nc7 12.Bd3 Nf6 13.h3 a6 14.Be3 Rb8 15.Rb1 Re8 
16.Qd2 c4 17.Bc2 b5 18.e5 dxe5 19.d6 Ne6 20.fxe5 Nd7 21.Nd5 Nxe5 22.Ne7+ 
Rxe7 23.dxe7 Qxe7 24.axb5 axb5 25.Nc3 Bb7 26.Nd5 Qh4 27.Nf4 Ng5 28.Qf2 
Qxf2+ 29.Rxf2 b4 30.Rd1 b3 31.Bb1 Ne4 32.Bxe4 Bxe4 33.Bd4 Nd3 34.Bxg7 Nxf2
35.Kxf2 Kxg7 36.Ne2 Bd3 37.Nc3 Ra8 38.Re1 Rd8 39.Rd1 g5 40.Ke3 h5 41.g3 
Kg6 42.Rd2 Ra8 43.Kd4 Ra1 44.Nd1 Rc1 45.Ke3 f6 46.Nf2 Rg1 47.g4 Rg3+ 48.
Kd4 f5 0-1

[Event "27th Rilton Cup"]
[Site "Stockholm SWE"]
[Date "1998.??.??"]
[Round "3.13"]
[White "Couso, Luis"]
[Black "Hector, Jonny"]
[Result "0-1"]
[WhiteElo "2275"]
[BlackElo "2470"]
[EventDate "1997.12.??"]
[PlyCount "54"]

1.e4 e5 2.Nf3 Nc6 3.Nc3 Nf6 4.g3 d5 5.exd5 Nxd5 6.Bg2 Nde7 7.O-O g6 8.d3 
h6 9.a4 Bg7 10.a5 Bg4 11.Ne4 b6 12.h3 Be6 13.axb6 cxb6 14.Re1 Qd7 15.Kh2 
f5 16.Nc3 O-O 17.Ra4 Rad8 18.Rh4 g5 19.Bxg5 hxg5 20.Nxg5 Rf6 21.f4 exf4 
22.Rxf4 Rg6 23.h4 Ne5 24.Qe2 N7c6 25.Kh3 Nd4 26.Qd1 Rxg5 27.hxg5 Ng4 0-1

[Event "27th Rilton Cup"]
[Site "Stockholm SWE"]
[Date "1998.??.??"]
[Round "4.1"]
[White "Mork, Kjell-Arne"]
[Black "Smyslov, Vassily"]
[Result "1-0"]
[WhiteElo "2290"]
[BlackElo "2480"]
[EventDate "1997.12.??"]
[PlyCount "101"]

1.e4 e6 2.d4 d5 3.Nc3 Bb4 4.e5 Qd7 5.Bd2 b6 6.Bb5 c6 7.Ba4 b5 8.Bb3 c5 9.
a3 Bxc3 10.Bxc3 c4 11.Ba2 Nc6 12.b4 Nge7 13.Nf3 O-O 14.O-O f6 15.Re1 Ng6 
16.exf6 gxf6 17.Qd2 Qd6 18.Rad1 Bd7 19.Qh6 a5 20.Bb1 axb4 21.axb4 Rf7 22.
Nh4 Nxh4 23.Qxh4 Nxb4 24.Bxb4 Qxb4 25.c3 Qxc3 26.Re3 Qb4 27.Rg3+ Kf8 28.
Bxh7 Ke7 29.Bg6 Rff8 30.Qf4 Qd6 31.Qe3 b4 32.Qe1 b3 33.h4 f5 34.h5 Qf4 35.
Qb4+ Qd6 36.Qd2 f4 37.Rf3 Ra2 38.Qc3 Be8 39.Rh3 Rh8 40.Bb1 Ra4 41.h6 Qb4 
42.Qc1 Qb8 43.Qb2 Qa7 44.Qe2 Qc7 45.Qg4 c3 46.Qg5+ Kd7 47.Qg7+ Kd8 48.Qxh8
c2 49.Qf6+ Kc8 50.Qxe6+ Bd7 51.Qg8+ 1-0

[Event "27th Rilton Cup"]
[Site "Stockholm SWE"]
[Date "1998.??.??"]
[Round "4.2"]
[White "Taimanov, Mark"]
[Black "Nouro, Mikael"]
[Result "1/2-1/2"]
[WhiteElo "2425"]
[BlackElo "2315"]
[EventDate "1997.12.??"]
[PlyCount "128"]

1.Nf3 Nf6 2.b3 g6 3.Bb2 Bg7 4.g3 O-O 5.Bg2 d6 6.d4 c6 7.O-O Nbd7 8.Nbd2 
Qc7 9.a4 b6 10.Re1 Ba6 11.c4 e5 12.e4 Rfe8 13.Qc2 Bb7 14.a5 exd4 15.Nxd4 
bxa5 16.Bc3 a6 17.Bxa5 Qb8 18.Bc3 Ra7 19.Rad1 Qa8 20.Ne2 a5 21.Nf1 d5 22.
Qb2 a4 23.exd5 cxd5 24.cxd5 axb3 25.Ne3 Ra3 26.Ra1 Rxa1 27.Rxa1 Qb8 28.
Qxb3 Nc5 29.Qb5 Nfd7 30.Bxg7 Kxg7 31.Rc1 Rxe3 32.fxe3 Qe5 33.Rxc5 Qxe3+ 
34.Kf1 Nxc5 35.Qb2+ Kg8 36.Qd4 Qxd4 37.Nxd4 Kf8 38.Kf2 Nd3+ 39.Ke3 Nb4 40.
Nc6 Bxc6 41.dxc6 Ke7 42.Kd4 Kd6 43.c7 Kxc7 44.Ke5 f5 45.Kf6 Kd6 46.Kg7 Ke5
47.Kxh7 Kf6 48.h4 Nd3 49.Bc6 Ne5 50.Bb5 g5 51.h5 f4 52.gxf4 gxf4 53.h6 Nf7
54.Bc6 Kg5 55.Kg7 Nxh6 56.Ba8 Ng4 57.Bb7 Nf6 58.Bf3 Nd7 59.Bc6 Nc5 60.Bf3 
Kf5 61.Kh6 Ne4 62.Kh5 Nd2 63.Bg2 f3 64.Bxf3 Nxf3 1/2-1/2

[Event "27th Rilton Cup"]
[Site "Stockholm SWE"]
[Date "1998.??.??"]
[Round "4.3"]
[White "Chernin, Alexander"]
[Black "Ulybin, Mikhail"]
[Result "1-0"]
[WhiteElo "2640"]
[BlackElo "2535"]
[EventDate "1997.12.??"]
[PlyCount "75"]

1.d4 e6 2.c4 f5 3.g3 Nf6 4.Bg2 c6 5.Nd2 d5 6.Qc2 Bd6 7.Nh3 O-O 8.O-O b6 9.
Nf3 Ne4 10.Bf4 Ba6 11.cxd5 cxd5 12.Rfc1 Qe7 13.Bxd6 Nxd6 14.Nf4 Rc8 15.Qa4
Rxc1+ 16.Rxc1 Bb7 17.h4 h6 18.Ne5 Na6 19.Qa3 Rc8 20.Rxc8+ Bxc8 21.Neg6 Qc7
22.Nxe6 Bxe6 23.Qxa6 Ne4 24.Bxe4 fxe4 25.Qa3 Qf7 26.Nf4 g5 27.hxg5 hxg5 
28.Nxe6 Qxe6 29.Qxa7 e3 30.Qb8+ Kf7 31.Qe5 Qxe5 32.dxe5 d4 33.fxe3 dxe3 
34.a4 Ke6 35.b4 Kxe5 36.a5 bxa5 37.bxa5 Kd5 38.g4 1-0

[Event "27th Rilton Cup"]
[Site "Stockholm SWE"]
[Date "1998.??.??"]
[Round "4.4"]
[White "Agrest, Evgenij"]
[Black "Sokolov, Ivan"]
[Result "1/2-1/2"]
[WhiteElo "2505"]
[BlackElo "2635"]
[EventDate "1997.12.??"]
[PlyCount "134"]

1.c4 e5 2.Nc3 Nf6 3.Nf3 Nc6 4.e3 Bb4 5.Qc2 Bxc3 6.Qxc3 Qe7 7.Be2 d5 8.d3 
O-O 9.cxd5 Nxd5 10.Qc2 Bg4 11.a3 a5 12.b3 Rad8 13.Bb2 Rd6 14.h3 Bc8 15.Nd2
Rg6 16.Bf3 Rd8 17.Rc1 Be6 18.Qc5 Qh4 19.g3 Qh6 20.h4 f5 21.Nc4 Bf7 22.h5 
Rf6 23.Bxe5 b6 24.Qb5 Nxe5 25.Nxe5 Nxe3 26.Nxf7 Rxf7 27.Rc6 Qg5 28.Re6 
Nc2+ 29.Kf1 Kh8 30.Qe5 h6 31.Kg2 f4 32.Qxg5 hxg5 33.Be4 fxg3 34.Kxg3 Nd4 
35.Rg6 Ne2+ 36.Kg2 Nf4+ 37.Kg3 Rf6 38.Rxg5 Nxd3 39.f3 Nc5 40.Bd5 c6 41.Bc4
Rdf8 42.Rf1 Ne6 43.Bxe6 Rxe6 44.f4 Kh7 45.Rf3 Re1 46.Re5 Rg1+ 47.Kf2 Rg4 
48.Ke3 Rf6 49.Rg5 Re6+ 50.Re5 Rh6 51.Rh3 Rf6 52.Re4 Rg1 53.Kf2 Rb1 54.Rf3 
Rd6 55.f5 Kg8 56.Re7 Rdd1 57.Kg3 Rg1+ 58.Kf4 Rgf1 59.Rxf1 Rxf1+ 60.Ke5 Rf3
61.Re6 Re3+ 62.Kd6 Rxb3 63.Kxc6 Rxa3 64.Kxb6 Rh3 65.f6 Rxh5 66.fxg7 Kxg7 
67.Re7+ Kf6 1/2-1/2

[Event "27th Rilton Cup"]
[Site "Stockholm SWE"]
[Date "1998.??.??"]
[Round "4.6"]
[White "Seeman, Tarvo"]
[Black "Wedberg, Tom"]
[Result "1/2-1/2"]
[WhiteElo "2395"]
[BlackElo "2485"]
[EventDate "1997.12.??"]
[PlyCount "72"]

1.Nf3 c5 2.g3 Nc6 3.Bg2 e5 4.O-O g6 5.c3 Bg7 6.d3 Nge7 7.a3 a5 8.a4 O-O 9.
e4 d6 10.Na3 h6 11.Nd2 Be6 12.Ndc4 d5 13.exd5 Bxd5 14.Be4 Kh7 15.Be3 b6 
16.Qb3 f5 17.Bxd5 Nxd5 18.Bd2 Rb8 19.Rae1 Qd7 20.f3 Nde7 21.Bc1 Nd5 22.Nb5
Rbd8 23.Re2 Bf6 24.Qc2 Kg7 25.Rg2 Rfe8 26.h4 Rh8 27.Qf2 h5 28.Qc2 Rdf8 29.
Bd2 Rfg8 30.Qc1 Re8 31.Bg5 Re6 32.Bxf6+ Rxf6 33.Qg5 Re8 34.Re1 Rfe6 35.
Rge2 Nf6 36.Qd2 Qd8 1/2-1/2

[Event "27th Rilton Cup"]
[Site "Stockholm SWE"]
[Date "1998.??.??"]
[Round "4.7"]
[White "Aakesson, Ralf"]
[Black "Matros, Alexander"]
[Result "1-0"]
[WhiteElo "2520"]
[BlackElo "2395"]
[EventDate "1997.12.??"]
[PlyCount "117"]

1.d4 Nf6 2.c4 e6 3.Nc3 Bb4 4.Qc2 Nc6 5.Nf3 d5 6.Bg5 h6 7.Bxf6 Qxf6 8.a3 
Bxc3+ 9.Qxc3 O-O 10.e3 Re8 11.Rd1 a5 12.h3 a4 13.Be2 Bd7 14.O-O Rec8 15.
Ne5 Be8 16.Bf3 Qd8 17.e4 dxc4 18.Nxc4 Ne7 19.Rfe1 Bb5 20.Ne3 c6 21.Qb4 Ng6
22.d5 Ne5 23.Bg4 Qf6 24.dxe6 fxe6 25.Rd6 Re8 26.Red1 Kh8 27.R1d2 Re7 28.
Bd1 Qg5 29.g3 Ree8 30.Kh2 Qe7 31.Qc3 Qf6 32.f4 Nf7 33.Qxf6 gxf6 34.Rd7 
Red8 35.Ng4 Kg7 36.e5 f5 37.Nf6 c5 38.Rxd8 Rxd8 39.Rxd8 Nxd8 40.Kg2 Kf8 
41.Kf2 b6 42.g4 fxg4 43.hxg4 Kf7 44.Ne4 Bc6 45.Nd6+ Kf8 46.Be2 Bd7 47.Ke3 
Ke7 48.Bb5 Nb7 49.Bxa4 Nxd6 50.exd6+ Kxd6 51.Bxd7 Kxd7 52.Ke4 b5 53.b3 Kd6
54.a4 c4 55.axb5 cxb3 56.Kd3 Kc5 57.Kc3 e5 58.f5 Kxb5 59.f6 1-0

[Event "27th Rilton Cup"]
[Site "Stockholm SWE"]
[Date "1998.??.??"]
[Round "4.8"]
[White "Hellsten, Johan"]
[Black "Bator, Robert"]
[Result "1-0"]
[WhiteElo "2495"]
[BlackElo "2430"]
[EventDate "1997.12.??"]
[PlyCount "59"]

1.d4 Nf6 2.c4 c5 3.d5 b5 4.cxb5 a6 5.b6 e6 6.Nc3 Nxd5 7.Nxd5 exd5 8.Qxd5 
Nc6 9.Nf3 Rb8 10.e4 Be7 11.Bc4 O-O 12.Bd2 Rxb6 13.Bc3 d6 14.Qh5 Be6 15.
Bxe6 fxe6 16.Qg4 e5 17.O-O Rb7 18.Rae1 Nd4 19.Nd2 Rf4 20.Qd1 Qe8 21.Re3 
Bg5 22.Rh3 Rf6 23.Nc4 Qe6 24.Qd3 Rbf7 25.Nb6 Qxa2 26.Nd5 Re6 27.Bxd4 cxd4 
28.Qc2 Rf8 29.Ra3 d3 30.Qc3 1-0

[Event "27th Rilton Cup"]
[Site "Stockholm SWE"]
[Date "1998.??.??"]
[Round "4.9"]
[White "Lindberg, Bengt"]
[Black "Bezold, Michael"]
[Result "0-1"]
[WhiteElo "2320"]
[BlackElo "2490"]
[EventDate "1997.12.??"]
[PlyCount "74"]

1.e4 g6 2.d4 Bg7 3.Nc3 d6 4.Nf3 a6 5.a4 b6 6.Bc4 e6 7.Bg5 Ne7 8.Qe2 h6 9.
Bf4 Bb7 10.Ba2 Nd7 11.h3 O-O 12.O-O g5 13.Bh2 Ng6 14.Qe3 Qe7 15.Ne2 Rae8 
16.Nd2 Kh7 17.f4 gxf4 18.Nxf4 Nxf4 19.Bxf4 e5 20.dxe5 Nxe5 21.Bh2 f5 22.
Bd5 c6 23.Ba2 c5 24.Bd5 Ng4 25.hxg4 Bd4 26.Qxd4 cxd4 27.Bxb7 Qxb7 28.Bxd6 
Rf6 29.Bh2 Rxe4 30.Nxe4 Qxe4 31.Rae1 Qxc2 32.gxf5 Rxf5 33.Re7+ Kg8 34.Rfe1
d3 35.Bd6 Qf2+ 36.Kh1 Qh4+ 37.Kg1 Qd4+ 0-1

[Event "27th Rilton Cup"]
[Site "Stockholm SWE"]
[Date "1998.??.??"]
[Round "4.10"]
[White "Petronic, Jovan"]
[Black "Holmsten, Aleksei"]
[Result "1/2-1/2"]
[WhiteElo "2490"]
[BlackElo "2355"]
[EventDate "1997.12.??"]
[PlyCount "109"]

1.Nf3 Nf6 2.c4 g6 3.Nc3 Bg7 4.e4 c5 5.d4 cxd4 6.Nxd4 Nc6 7.Be3 Ng4 8.Qxg4 
Nxd4 9.Qd1 Ne6 10.Rc1 b6 11.Bd3 Bb7 12.O-O O-O 13.Re1 Qe8 14.Qd2 f5 15.Bh6
Bxh6 16.Qxh6 Nc5 17.Qd2 Nxd3 18.Qxd3 fxe4 19.Nxe4 Qf7 20.f3 Bxe4 21.Rxe4 
e6 22.Rd1 Rfd8 23.Rd4 Rac8 24.b3 d5 25.h4 Rc5 26.b4 Rc7 27.cxd5 Rxd5 28.
Rxd5 exd5 29.Qxd5 Qxd5 30.Rxd5 Kf7 31.Rd4 b5 32.Rd5 a6 33.Rd6 Rc1+ 34.Kh2 
Rc4 35.Kh3 Rxb4 36.Rxa6 h5 37.g4 hxg4+ 38.fxg4 Rc4 39.Kg3 b4 40.Rb6 Kg7 
41.Rb7+ Kg8 42.Kf3 Kf8 43.Rb5 Kf7 44.Re5 Kf6 45.Re4 Rc2 46.Rf4+ Kg7 47.
Rxb4 Rxa2 48.Rb7+ Kf8 49.Kf4 Ra5 50.Rd7 Rb5 51.Ke4 Ra5 52.Rd5 Ra4+ 53.Rd4 
Ra5 54.Kf4 Kf7 55.Rb4 1/2-1/2

[Event "27th Rilton Cup"]
[Site "Stockholm SWE"]
[Date "1998.??.??"]
[Round "4.11"]
[White "Hector, Jonny"]
[Black "Hermansson, Emil"]
[Result "0-1"]
[WhiteElo "2470"]
[BlackElo "2275"]
[EventDate "1997.12.??"]
[PlyCount "96"]

1.e4 c6 2.Nc3 d5 3.Nf3 Bg4 4.h3 Bh5 5.d3 dxe4 6.Nxe4 Nd7 7.Qe2 e6 8.Bf4 
Qa5+ 9.c3 Ngf6 10.Nxf6+ Nxf6 11.g4 Bg6 12.Ne5 Rd8 13.h4 Nd7 14.Nxg6 hxg6 
15.d4 Be7 16.g5 Nb6 17.Be3 Nc8 18.Bd2 Nd6 19.Bg2 Kd7 20.c4 Qb6 21.O-O-O 
Qa6 22.Bf1 Qxa2 23.Rh3 Nf5 24.Qg4 Qa1+ 25.Kc2 Qa4+ 26.Kc1 Qa1+ 27.Kc2 Qa4+
28.Kc1 Ke8 29.Bc3 b5 30.Be2 b4 31.b3 Qxb3 32.Bb2 Qa2 33.Qg2 Kf8 34.f4 a5 
35.h5 a4 36.hxg6 Rxh3 37.Qxh3 fxg6 38.d5 cxd5 39.Bd3 a3 40.Be5 b3 41.Bb1 
b2+ 42.Kd2 Qxc4 43.Bxf5 Bb4+ 44.Ke3 d4+ 45.Rxd4 Rxd4 46.Qh8+ Ke7 47.Qxg7+ 
Kd8 48.Bf6+ Kc8 0-1

[Event "27th Rilton Cup"]
[Site "Stockholm SWE"]
[Date "1998.??.??"]
[Round "4.12"]
[White "Oestergaard, Dan"]
[Black "Gdanski, Jacek"]
[Result "0-1"]
[WhiteElo "2265"]
[BlackElo "2505"]
[EventDate "1997.12.??"]
[PlyCount "120"]

1.e4 e6 2.d4 d5 3.Nc3 Bb4 4.e5 Ne7 5.a3 Bxc3+ 6.bxc3 c5 7.a4 Qa5 8.Bd2 Bd7
9.Nf3 c4 10.g3 Bxa4 11.Qc1 b5 12.Bh3 Nbc6 13.O-O Qd8 14.Nh4 Qd7 15.f4 g6 
16.Ng2 h5 17.Qb2 a5 18.Qa2 Nf5 19.Ne1 Kf8 20.Nf3 Kg7 21.Kh1 Nce7 22.Rfe1 
Nc8 23.Reb1 Nb6 24.Qb2 Rac8 25.Bf1 Qe7 26.Ra2 Rc6 27.Qa1 Rc7 28.Bh3 Qd7 
29.Bxf5 gxf5 30.Be1 Rcc8 31.Kg2 Rcg8 32.h4 Ra8 33.Ng5 Qc6 34.Kh2 Rhb8 35.
Qb2 Rh8 36.Qa3 Qc7 37.Bf2 Rac8 38.Be3 Qd8 39.Qc1 Qe7 40.Qb2 Ra8 41.Qa1 Kg6
42.Bc1 Qd7 43.Ba3 Rac8 44.Bc1 Rc7 45.Be3 Ra7 46.Bc1 Kg7 47.Kh3 Rha8 48.Qb2
Rc7 49.Qa1 Rcc8 50.Be3 Kg6 51.Bc1 b4 52.cxb4 Bxc2 53.Rxc2 axb4 54.Ra2 b3 
55.Rxa8 Rxa8 56.Qc3 Qb5 57.Bd2 Ra2 58.Nf3 Na4 59.Qb4 Qxb4 60.Bxb4 b2 0-1

[Event "27th Rilton Cup"]
[Site "Stockholm SWE"]
[Date "1998.??.??"]
[Round "4.13"]
[White "Hartman, Christer"]
[Black "Degerman, Lars"]
[Result "0-1"]
[WhiteElo "2320"]
[BlackElo "2485"]
[EventDate "1997.12.??"]
[PlyCount "74"]

1.e4 c5 2.Nf3 Nc6 3.d4 cxd4 4.Nxd4 Nf6 5.Nc3 d6 6.Bg5 e6 7.Qd2 a6 8.O-O-O 
h6 9.Be3 Be7 10.f3 Nxd4 11.Bxd4 b5 12.Kb1 Rb8 13.g4 Qa5 14.h4 b4 15.Ne2 e5
16.Ba7 Rb7 17.Bf2 Be6 18.Nc1 Nd7 19.Nb3 Qc7 20.Bxa6 Rb8 21.Qe2 Qc6 22.Nc1 
O-O 23.g5 h5 24.b3 Rfd8 25.Ba7 Ra8 26.Bb5 Qb7 27.Be3 Rdc8 28.Rhg1 g6 29.
Bd3 Nc5 30.Qg2 d5 31.Rge1 d4 32.Bg1 Na4 33.bxa4 Rxa4 34.f4 Qa7 35.c4 bxc3 
36.Re2 Rb8+ 37.Ka1 Ba3 0-1

[Event "27th Rilton Cup"]
[Site "Stockholm SWE"]
[Date "1998.??.??"]
[Round "4.14"]
[White "Wieweg, Johnny"]
[Black "Brynell, Stellan"]
[Result "0-1"]
[WhiteElo "2260"]
[BlackElo "2465"]
[EventDate "1997.12.??"]
[PlyCount "128"]

1.e4 e6 2.d4 d5 3.e5 c5 4.c3 Nc6 5.Nf3 Qb6 6.Be2 Nh6 7.Bxh6 gxh6 8.Qd2 Bg7
9.Na3 cxd4 10.cxd4 O-O 11.O-O f6 12.exf6 Rxf6 13.Nc2 Bd7 14.b4 Raf8 15.b5 
Ne7 16.Ne5 Be8 17.a4 Ng6 18.Ng4 Rf5 19.g3 h5 20.Nge3 R5f6 21.f4 Ne7 22.a5 
Qd8 23.Ne1 Nc8 24.Nf3 Nd6 25.Rab1 Ne4 26.Qe1 Rg6 27.Ng2 h4 28.Ngxh4 Bxd4+ 
29.Kh1 Bc3 30.Qd1 Rg7 31.Bd3 Qxa5 32.Ng5 Nxg5 33.fxg5 Rxf1+ 34.Qxf1 Qd8 
35.Rc1 Bd2 36.Rc2 Bxg5 37.Nf3 Be3 38.Qe2 d4 39.Bc4 Qf6 40.Bd3 Re7 41.Rc8 
Kg7 42.Nh4 Qf2 43.Qxf2 Bxf2 44.Ra8 b6 45.Nf3 Kf6 46.g4 h6 47.h4 e5 48.g5+ 
Kg7 49.Kg2 Be3 50.Nxe5 hxg5 51.Nc6 Bxc6+ 52.bxc6 gxh4 53.Bf5 Rc7 54.Be4 d3
55.Kf3 d2 56.Rd8 Bg5 57.Rd6 Rf7+ 58.Ke2 Kf8 59.Rd5 Re7 60.Kf3 h3 61.Bc2 h2
62.Kg2 Bf4 63.Rd8+ Kg7 64.Rd4 Re2+ 0-1

[Event "27th Rilton Cup"]
[Site "Stockholm SWE"]
[Date "1998.??.??"]
[Round "4.16"]
[White "Nilsson, Matthias"]
[Black "Cramling, Dan"]
[Result "1/2-1/2"]
[WhiteElo "2225"]
[BlackElo "2445"]
[EventDate "1997.12.??"]
[PlyCount "35"]

1.d4 Nf6 2.c4 c5 3.d5 b5 4.Nd2 Qa5 5.Qc2 bxc4 6.e4 Ba6 7.Bxc4 Bxc4 8.Qxc4 
d6 9.Nf3 Qa6 10.b3 Qxc4 11.bxc4 g6 12.Bb2 Bg7 13.Rb1 Nbd7 14.O-O O-O 15.e5
Ne8 16.Rfe1 Nb6 17.exd6 exd6 18.Bxg7 1/2-1/2

[Event "27th Rilton Cup"]
[Site "Stockholm SWE"]
[Date "1997.12.31"]
[Round "5.1"]
[White "Khenkin, Igor"]
[Black "Chernin, Alexander"]
[Result "1-0"]
[WhiteElo "2550"]
[BlackElo "2640"]
[EventDate "1997.12.??"]
[PlyCount "97"]

1.d4 Nf6 2.c4 e6 3.Nf3 b6 4.a3 c5 5.d5 Ba6 6.Qc2 exd5 7.cxd5 g6 8.Nc3 Bg7 
9.g3 O-O 10.Bg2 d6 11.O-O Re8 12.Re1 Nbd7 13.h3 b5 14.Bf4 Nh5 15.Bxd6 Qb6 
16.Bf4 Nxf4 17.gxf4 Rac8 18.e3 c4 19.e4 Bh6 20.Ng5 Ne5 21.fxe5 Bxg5 22.d6 
Rxe5 23.d7 Rd8 24.Nd5 Rxd5 25.exd5 Rxd7 26.Re8+ Kg7 27.Rae1 Bf6 28.Qd2 Qd6
29.R1e4 Bb7 30.Rf4 a6 31.h4 h5 32.Bh1 Rd8 33.Rxd8 Bxd8 34.Qc3+ Bf6 35.Rxf6
Qxf6 36.d6 Bc8 37.Bc6 Qxc3 38.bxc3 Kf6 39.d7 Bxd7 40.Bxd7 Ke5 41.Bc8 a5 
42.Bd7 b4 43.axb4 axb4 44.cxb4 c3 45.Ba4 Kd4 46.Kf1 Kc4 47.b5 Kc5 48.Ke2 
Kb6 49.f4 1-0

[Event "27th Rilton Cup"]
[Site "Stockholm SWE"]
[Date "1998.??.??"]
[Round "5.3"]
[White "Bezold, Michael"]
[Black "Aakesson, Ralf"]
[Result "1/2-1/2"]
[WhiteElo "2490"]
[BlackElo "2520"]
[EventDate "1997.12.??"]
[PlyCount "84"]

1.d4 Nf6 2.c4 e6 3.Nf3 b6 4.a3 Bb7 5.Nc3 d5 6.Bg5 Be7 7.Bxf6 Bxf6 8.cxd5 
exd5 9.Qa4+ c6 10.g3 O-O 11.Bg2 Qe7 12.Rd1 Rd8 13.O-O c5 14.Rd2 Nc6 15.e3 
Na5 16.Rfd1 Nc4 17.Re2 Rac8 18.Qb3 g6 19.h4 Na5 20.Qa2 Ba6 21.Ree1 Bc4 22.
Qb1 Nb3 23.Nd2 cxd4 24.exd4 Qf8 25.Nxc4 dxc4 26.Nd5 Rd6 27.Qe4 Rcd8 28.
Nxf6+ Rxf6 29.d5 Qc5 30.Re2 h5 31.Qe5 Qd6 32.Qc3 b5 33.Rde1 Qb6 34.Kh2 Nc5
35.Re8+ Rxe8 36.Rxe8+ Kg7 37.Rc8 Nd3 38.f4 Nf2 39.Bf3 Ng4+ 40.Bxg4 Qf2+ 
41.Kh1 hxg4 42.Rc6 Qf1+ 1/2-1/2

[Event "27th Rilton Cup"]
[Site "Stockholm SWE"]
[Date "1998.??.??"]
[Round "5.7"]
[White "Gdanski, Jacek"]
[Black "Sjoeberg, Mats"]
[Result "1-0"]
[WhiteElo "2505"]
[BlackElo "2420"]
[EventDate "1997.12.??"]
[PlyCount "82"]

1.e4 c5 2.Nf3 e6 3.d4 cxd4 4.Nxd4 a6 5.Nc3 Qc7 6.Bd3 Nc6 7.Nxc6 bxc6 8.O-O
d6 9.f4 Nf6 10.Kh1 Be7 11.Qe2 Nd7 12.Na4 Bf6 13.Bd2 O-O 14.Rae1 g6 15.Bc3 
e5 16.f5 gxf5 17.Rxf5 Bg7 18.Ref1 Nb8 19.R5f2 Be6 20.Bc4 Nd7 21.Bb4 a5 22.
Ba3 Rad8 23.b3 Rfe8 24.Bxe6 fxe6 25.Rf7 Rf8 26.Re7 Rxf1+ 27.Qxf1 Rf8 28.
Qd1 Rf6 29.h3 c5 30.Bxc5 Qc6 31.Qxd6 Qxd6 32.Bxd6 Rf1+ 33.Kh2 Nf8 34.Nc5 
Ng6 35.Rxe6 Kf7 36.Bc7 h5 37.Rc6 h4 38.Nd3 Bh6 39.Bxe5 Bg5 40.g3 Nxe5 41.
Nxe5+ Ke7 1-0

[Event "27th Rilton Cup"]
[Site "Stockholm SWE"]
[Date "1998.??.??"]
[Round "5.8"]
[White "Kiik, Kalle"]
[Black "Petronic, Jovan"]
[Result "0-1"]
[WhiteElo "2410"]
[BlackElo "2490"]
[EventDate "1997.12.??"]
[PlyCount "80"]

1.e4 e5 2.Nf3 Nc6 3.Nc3 Nf6 4.g3 d5 5.exd5 Nxd5 6.Bg2 Nxc3 7.bxc3 Bd6 8.d3
O-O 9.O-O h6 10.Rb1 Rb8 11.Re1 Re8 12.Ng5 Bd7 13.Ne4 Bf8 14.Be3 b6 15.g4 
Re6 16.g5 Ne7 17.gxh6 gxh6 18.Ng3 Rg6 19.d4 exd4 20.cxd4 Bc6 21.Bxc6 Nxc6 
22.Rb5 Qd7 23.Rh5 Re8 24.c3 Na5 25.Qf3 Nc4 26.Kh1 Nd6 27.Rg1 Ree6 28.Ne2 
Rxg1+ 29.Kxg1 Rg6+ 30.Ng3 Qe6 31.d5 Qg4 32.Kg2 Qc4 33.Bd4 Qxa2 34.h4 Qb1 
35.Re5 a5 36.h5 Rg7 37.Kh2 a4 38.Re2 a3 39.Bxg7 Bxg7 40.c4 a2 0-1

[Event "27th Rilton Cup"]
[Site "Stockholm SWE"]
[Date "1998.??.??"]
[Round "5.9"]
[White "Wedberg, Tom"]
[Black "Sandstroem, Ludvig"]
[Result "1-0"]
[WhiteElo "2485"]
[BlackElo "2335"]
[EventDate "1997.12.??"]
[PlyCount "51"]

1.e4 Nf6 2.e5 Nd5 3.d4 d6 4.Nf3 Nc6 5.c4 Nb6 6.exd6 exd6 7.Be3 Be7 8.Nc3 
Bg4 9.h3 Bxf3 10.Qxf3 O-O 11.h4 d5 12.c5 Nc4 13.O-O-O Nxe3 14.fxe3 Qd7 15.
Qxd5 Rad8 16.Qf3 Nb4 17.Qxb7 Rb8 18.Qf3 Nxa2+ 19.Nxa2 Qa4 20.Kb1 Rb3 21.
Rd2 Rfb8 22.Rc2 Qa3 23.Qf2 Rxe3 24.Rh3 Rxh3 25.gxh3 Bf6 26.Nc3 1-0

[Event "27th Rilton Cup"]
[Site "Stockholm SWE"]
[Date "1998.??.??"]
[Round "5.10"]
[White "Degerman, Lars"]
[Black "Mork, Kjell-Arne"]
[Result "1-0"]
[WhiteElo "2485"]
[BlackElo "2290"]
[EventDate "1997.12.??"]
[PlyCount "87"]

1.Nf3 Nf6 2.c4 g6 3.Nc3 Bg7 4.e4 d6 5.d4 O-O 6.Be2 e5 7.Be3 Qe7 8.d5 Ng4 
9.Bg5 f6 10.Bh4 h5 11.Nd2 Nh6 12.h3 a5 13.a3 Na6 14.b4 axb4 15.axb4 Bd7 
16.Rb1 Nf7 17.f3 Bh6 18.Bf2 f5 19.Qc2 h4 20.Bd3 Bf4 21.Ne2 Qg5 22.Nxf4 
Qxf4 23.Nf1 Qg5 24.Ne3 Nh6 25.c5 fxe4 26.Bxe4 Nf5 27.Ng4 Bb5 28.Qd2 Qe7 
29.c6 b6 30.Bd3 Bxd3 31.Qxd3 Qg5 32.O-O Qf4 33.Qe4 Qxe4 34.fxe4 Nd4 35.
Bxd4 exd4 36.Rfd1 Rae8 37.Rxd4 b5 38.Ra1 Nb8 39.Ra7 Re7 40.Nh2 Rfe8 41.Nf3
Rxe4 42.Rxe4 Rxe4 43.Ra8 Re8 44.Nd4 1-0

[Event "27th Rilton Cup"]
[Site "Stockholm SWE"]
[Date "1998.??.??"]
[Round "5.12"]
[White "Manninen, Marko"]
[Black "David, Alberto"]
[Result "1/2-1/2"]
[WhiteElo "2365"]
[BlackElo "2460"]
[EventDate "1997.12.??"]
[PlyCount "44"]

1.d4 Nf6 2.c4 g6 3.Nf3 Bg7 4.g3 O-O 5.Bg2 d5 6.O-O dxc4 7.Na3 Nc6 8.Nxc4 
Be6 9.b3 Bd5 10.Bb2 a5 11.Rc1 a4 12.bxa4 Ra6 13.a3 Qa8 14.Ne3 e6 15.Ne5 
Bxg2 16.Nxg2 Rxa4 17.Nxc6 bxc6 18.Ne1 Rb8 19.Nd3 Nd7 20.Qc2 Bxd4 21.Bxd4 
Rxd4 22.Qxc6 Qxa3 1/2-1/2